Normal view
MARC view
- Documentary credit
Entry Topical Term
001 - CONTROL NUMBER
- control field: 129280
003 - CONTROL NUMBER IDENTIFIER
- control field: NUST
005 - DATE AND TIME OF LATEST TRANSACTION
- control field: 20250628181759.0
008 - FIXED-LENGTH DATA ELEMENTS
- fixed length control field: 250628|| aca||aabn | a|a d
040 ## - CATALOGING SOURCE
- Original cataloging agency: NUST
- Transcribing agency: NUST
150 ## - HEADING--TOPICAL TERM
- Topical term or geographic name entry element: Documentary credit
- General subdivision: Law and legislation
- Geographic subdivision: Great Britain
670 ## - SOURCE DATA FOUND
- Source citation: Work cat.: (NUST)0: Todd, Paul, 1954-, Bills of lading and bankers' documentary credits /, 2007.
